| 000 | 01602cam a22004214i 4500 | ||
|---|---|---|---|
| 003 | PE-LiUPU | ||
| 005 | 20250731184111.0 | ||
| 008 | 150706s r 000 0 d | ||
| 020 | _a0 582 41772 4 | ||
| 035 | _a(Sirsi) i9780582417724 | ||
| 040 |
_aPE-LiUPU _bspa _cPE-LiUPU _erda |
||
| 049 | _aPRUA | ||
| 082 | 0 | 4 |
_a823 _bPR2 _221 |
| 100 | 1 |
_aFine, Anne, _eautor. |
|
| 245 | 1 | 0 |
_aFlour babies / _cAnne Fine. |
| 264 | 1 |
_aBoston : _bLittle, Brown, _c2000. |
|
| 300 |
_a41 páginas : _bilustraciones ; _c20 centímetros |
||
| 336 |
_atext _2rdacontent |
||
| 337 |
_aunmediated _2rdamedia |
||
| 338 |
_avolume _2rdacarrier |
||
| 490 | 0 | _aPenguin Readers | |
| 505 | 0 | _aOut of the Hat -- Three Kilos of Flour -- Rule 5 -- Football with Baby -- Staying After School -- Baby in the River -- Baby Books -- The Song -- No Flour Explosion -- Goodbye, Flour Babies. | |
| 526 | _aP145 | ||
| 526 | _aP127 | ||
| 526 | _aP97 | ||
| 526 | _aP14 | ||
| 526 | _aP07 | ||
| 541 | _g003-000916; | ||
| 650 | 0 | 4 |
_aBebés _xFicción. |
| 650 | 0 | 4 |
_aEscuelas _xFicción. |
| 650 | 0 | 4 |
_aPadres e hijos _xFicción. |
| 910 |
_agl _bjv _clch _d20091202 |
||
| 942 |
_2ddc _cBOOK |
||
| 949 |
_a823 PR2 F _wDEWEY _c1 _i60699 _lCCODEBUL1 _mBUL _p2.00 _r0 _sY _tBOOK _u2015-7-6 _xFCE _zAGB _0COMPRA _o.STAFF. Colección General |
||
| 994 |
_aC0 _bPEPRU |
||
| 596 | _a1 | ||
| 999 |
_a823 PR2 F _wDEWEY _c50098 _i60699 _d50098 _e2018-3-13 _f2021-11-5 _g6 _lCCODEBUL1 _mBUL _n1 _p2.00 _r0 _sY _tBOOK _u2015-7-6 _xBIBLIOTECA _zAGB _0COMPRA _o.STAFF. Colección General |
||
| 980 |
_81 _gALBERTO SANCHEZ Responsable de Automatización |
||